Представление документа в формате RUSMARC

ПолеНазваниеЗначение
  Тип записи a
  Библиографический уровень a
001 Контрольный номер RU/CBS_Ul/BASE/445680788
005 Дата корректировки 20250124011038.4
100 Данные общей обработки __
a Данные общей обработки 20140214d2014 ||| 0rusy0179 ca
101 Язык документа 0_
a Язык текста rus
102 Страна публикации __
a Страна публикации RU
105 Кодированные данные (монография) __
a Кодированные данные (монография) y###||||000|y
200 Заглавие и сведения об ответственности 1_
a Заглавие Подвиг у реки Нарев
b Общее обозначение материала Текст
e Сведения, относящиеся к заглавию [Герой Советского Союза Василий Иванович Матронин, герой ВОВ]
f Первые сведения об ответственности В. Воробьев
300 Общие примечания __
a Общие примечания Ограничения по возрасту 16+
461 Уровень набора _0
1 2000
a Народная газета
463 Уровень физической единицы _0
1 001RU/CBS_Ul/BASE/445680350
1 2000
a №7 (12 февраля)
v С. 20
1 210
d 2014
600 Персоналии _0
a Персоналии (Фамилия) Матронин
b Персоналии (Имя, инициалы) В.И.
606 Тематические рубрики 0_
y Географическая подрубрика Нарев, река (Европа Западная)
610 Ключевые слова 0_
a Ключевые слова ВОВ
a Ключевые слова герои Великой Отечественной войны
a Ключевые слова Великая Отечественная война
686 Индексы других классификаций __
a Классификационный индекс 63.3(2)622
2 Код системы ББК
700 Автор _1
a Фамилия Воробьев
b Имя (инициалы) В.
801 Источник записи _0
a Страна RU
b Организация МБУК ЦБС г. Ульяновска
c Дата составления 20140214
g Правила каталогизации RCR
801 Источник записи _1
a Страна RU
b Организация МБУК ЦБС г. Ульяновска
c Дата составления 20140214
g Правила каталогизации RCR
901 Тип документа __
t Тип документа f
w Контрольный № источника RU/CBS_Ul/BASE/445680350
910 Корректоры записи __
a Корректор записи admin2
938 Служебная информация __
a Имя БД kraeved